| 000 | 00945 a2200217 4500 | ||
|---|---|---|---|
| 999 |
_c1415 _d1415 |
||
| 005 | 20190109151653.0 | ||
| 010 | _aHIN-79235 | ||
| 020 |
_a818809983x _c300.00 |
||
| 035 | _aHN-51581 | ||
| 035 | _aB-245774,B-245751 | ||
| 037 | _bD. B. Act. / ven | ||
| 082 | _a340 | ||
| 100 | _aखण्डेलवाल, कृष्णावतार | ||
| 245 |
_aकानूनी सलाह / _cकृष्णावतार खण्डेलवाल, चेतन प्रकाश शर्मा |
||
| 246 |
_aKanooni slah _bBy Krishnvtar Khandelwal |
||
| 260 |
_aजयपुर _bअनु प्रकाशन _c2007 |
||
| 270 |
_a958, धामाणी मार्केट की गली, चौड़ा रास्ता _bजयपुर _k2322382 |
||
| 300 |
_a222पृ _c22 सेमी (सजिल्द) |
||
| 650 | _aLaw | ||
| 942 |
_adpl _cHN _k340 / खण्डेल _2ddc _h340 _mखण्डेल |
||